Kultúrno spoločenské centrum s hostelom na ulici 29. augusta v Bratislave

Enregistré dans:
Détails bibliographiques
Auteur principal: Andrášová, Eva, 1990- (Auteur)
Autres auteurs: Kordík, Lukáš, 1979- (Directeur de thèse)
Format: Manuscrit Livre
Langue:slovaque
Publié: Bratislava 2015
Sujets:
Accès en ligne:http://is.stuba.sk/zp/portal_zp.pl?podrobnosti=98347
Tags: Ajouter un tag
Pas de tags, Soyez le premier à ajouter un tag!

MARC

LEADER 00000ntm a22000003a 4500
001 stuzp46597
003 SK-STU
005 20210315101513.8
007 ta
008 150427s2015----xo-----f-mn---000-0-slo-d
040 |a STU  |b slo 
041 0 |a slo 
100 1 |a Andrášová, Eva,  |d 1990-  |u 058180  |4 aut  |U FAD Fakulta architektúry a dizajnu  |U FAD Fakulta architektúry a dizajnu  |U FAD Fakulta architektúry  |T FA Ústav architektúry občianskych budov  |X 57979  |U A8180  |Y 399  |7 A000057979 
242 0 1 |a Cultural center with the hostel in 29.augusta street in Bratislava  |y eng 
245 1 0 |a Kultúrno spoločenské centrum s hostelom na ulici 29. augusta v Bratislave 
260 |c 2015  |a Bratislava 
650 4 |a multifunkcna sala  |2 slo 
650 4 |a kulturno spolocenske centrum  |2 slo 
650 4 |a tanecna sala  |2 slo 
650 4 |a multipurpose hall  |2 eng 
650 4 |a dancing hall  |2 eng 
650 4 |a cultural center  |2 eng 
700 1 |a Kordík, Lukáš,  |d 1979-  |4 ths  |X 53651  |7 A000053651 
856 4 |u http://is.stuba.sk/zp/portal_zp.pl?podrobnosti=98347  |u https://opac.crzp.sk/?fn=detailBiblioForm&sid=B0185F20487F70888A193F60D476 
SQL |a stuzp46597  |b DDP  |c SLO  |d Kultúrno spoločenské centrum s hostelom na ulici 29. augusta v Bratislave  |e 57979  |f Andrášová, Eva  |g 058180  |h 53651  |i Kordík, Lukáš  |j 20150604  |k 153  |l 05  |m http://is.stuba.sk/zp/portal_zp.pl?podrobnosti=98347  |n I-ARCH  |o 5.1.1. architektúra a urbanizmus